<?xml version="1.0" encoding="UTF-8"?>
<record
    xmlns:xsi="http://www.w3.org/2001/XMLSchema-instance"
    xsi:schemaLocation="http://www.loc.gov/MARC21/slim http://www.loc.gov/standards/marcxml/schema/MARC21slim.xsd"
    xmlns="http://www.loc.gov/MARC21/slim">

  <leader>01455nam a2200313 a 4500</leader>
  <controlfield tag="001">BRCA_5434</controlfield>
  <controlfield tag="005">20190320205057.0</controlfield>
  <controlfield tag="008">731029s1938####nyua######---#000-0#eng-#</controlfield>
  <datafield tag="041" ind1=" " ind2=" ">
    <subfield code="a">eng</subfield>
  </datafield>
  <datafield tag="044" ind1=" " ind2=" ">
    <subfield code="a">nyu</subfield>
  </datafield>
  <datafield tag="050" ind1=" " ind2="4">
    <subfield code="a">Z2682</subfield>
    <subfield code="b">.P46 1938</subfield>
  </datafield>
  <datafield tag="100" ind1="1" ind2=" ">
    <subfield code="a">Penney, Clara Louisa</subfield>
    <subfield code="9">13873</subfield>
  </datafield>
  <datafield tag="245" ind1="1" ind2="0">
    <subfield code="a">List of books printed 1601-1700</subfield>
    <subfield code="b">in the Library of the Hispanic Society of America</subfield>
    <subfield code="c">by Clara Louisa Penney.</subfield>
  </datafield>
  <datafield tag="260" ind1=" " ind2=" ">
    <subfield code="a">Nueva York</subfield>
    <subfield code="b">Order of Trustees</subfield>
    <subfield code="c">1938</subfield>
  </datafield>
  <datafield tag="300" ind1=" " ind2=" ">
    <subfield code="a">xxvi, 972 p.</subfield>
    <subfield code="c">20 cm.</subfield>
  </datafield>
  <datafield tag="440" ind1=" " ind2="0">
    <subfield code="a">Hispanic notes &amp; monographs: essays, studies, and bref biographies issued by the Hispanic Society of America</subfield>
    <subfield code="9">13874</subfield>
  </datafield>
  <datafield tag="500" ind1=" " ind2=" ">
    <subfield code="a">Incluye indice alfab&#xE9;tico</subfield>
  </datafield>
  <datafield tag="500" ind1=" " ind2=" ">
    <subfield code="a">Con apendices: I. Libros de Los Siglos XV y XVI no incluidos  en la &#xB4;Lista de libros impresos antes de 1601&#xB4; (Nueva York, 1929). -- II. Lista revisada de imprentas e impresores de  libros Hispanos 1468?-1700</subfield>
  </datafield>
  <datafield tag="500" ind1=" " ind2=" ">
    <subfield code="a">Ver tambi&#xE9;n M22 para libros impresos antes de 1601</subfield>
  </datafield>
  <datafield tag="500" ind1=" " ind2=" ">
    <subfield code="a">M29</subfield>
  </datafield>
  <datafield tag="504" ind1=" " ind2=" ">
    <subfield code="a">Bibliograf&#xED;a: p. [vii]-xxvi</subfield>
  </datafield>
  <datafield tag="650" ind1="1" ind2="4">
    <subfield code="a">Literatura espa&#xF1;ola</subfield>
    <subfield code="x">Bibliograf&#xED;a</subfield>
    <subfield code="y">Periodo Cl&#xE1;sico 1500-1700</subfield>
    <subfield code="9">13875</subfield>
  </datafield>
  <datafield tag="650" ind1="1" ind2="4">
    <subfield code="a">Bibliograf&#xED;a</subfield>
    <subfield code="x">Primeros libros impresos</subfield>
    <subfield code="y">Siglo XVII</subfield>
    <subfield code="z">Am&#xE9;rica Latina</subfield>
    <subfield code="9">13876</subfield>
  </datafield>
  <datafield tag="650" ind1="1" ind2="4">
    <subfield code="a">Bibliograf&#xED;a</subfield>
    <subfield code="x">Primeros libros impresos</subfield>
    <subfield code="y">Siglo XVII</subfield>
    <subfield code="z">Espa&#xF1;a</subfield>
    <subfield code="9">13877</subfield>
  </datafield>
  <datafield tag="650" ind1="1" ind2="4">
    <subfield code="a">Libros ilustrados</subfield>
    <subfield code="v">Bibliograf&#xED;a</subfield>
    <subfield code="y">Siglos XVII y XVIII</subfield>
    <subfield code="9">13878</subfield>
  </datafield>
  <datafield tag="710" ind1="2" ind2=" ">
    <subfield code="a">Hispanic Society of America</subfield>
    <subfield code="9">13879</subfield>
  </datafield>
  <datafield tag="902" ind1=" " ind2=" ">
    <subfield code="a">GFM</subfield>
  </datafield>
  <datafield tag="942" ind1=" " ind2=" ">
    <subfield code="2">lcc</subfield>
    <subfield code="c">B</subfield>
  </datafield>
  <datafield tag="999" ind1=" " ind2=" ">
    <subfield code="c">5128</subfield>
    <subfield code="d">5128</subfield>
  </datafield>
  <datafield tag="952" ind1=" " ind2=" ">
    <subfield code="0">0</subfield>
    <subfield code="1">0</subfield>
    <subfield code="4">0</subfield>
    <subfield code="7">0</subfield>
    <subfield code="a">BRCA</subfield>
    <subfield code="b">BRCA</subfield>
    <subfield code="d">2010-12-13</subfield>
    <subfield code="i">M29</subfield>
    <subfield code="l">0</subfield>
    <subfield code="o">Z2682 .P46 1938 (M29)</subfield>
    <subfield code="p">5869</subfield>
    <subfield code="r">2019-03-22 00:00:00</subfield>
    <subfield code="w">2019-03-22</subfield>
    <subfield code="y">B</subfield>
  </datafield>
</record>
